| 000 | 00598cas a22001814c 4500 | ||
|---|---|---|---|
| 999 |
_c62936 _d62936 |
||
| 001 | 768714001 | ||
| 003 | CO-MdFUSB | ||
| 005 | 20180504170746.0 | ||
| 008 | 180504s2009 cr ||||| |||| 00| 0 spa d | ||
| 040 |
_aCO-MdFUSB _bspa _cCO-MdFUSB _dCO-MdFUSB |
||
| 041 | _aspa | ||
| 100 | 1 |
_aSimpson, Charles _eautor |
|
| 245 | 1 | 0 | _aLa constancia produce integridad de carácter |
| 300 |
_aVolumen 8. Número 5 (2009), páginas 69 - 71 _c: 28 cm. |
||
| 650 | 1 | 4 | _aPERSISTENCIA - CARACTER |
| 773 | 0 |
_tConquista Cristiana _049446 _960322 _gVolumen 8. Número 5 (2009), páginas 69 - 71 _qpágina 69 |
|
| 942 | _cANA | ||